| 000 | 00533nam a22001697a 4500 | ||
|---|---|---|---|
| 005 | 20250411112321.0 | ||
| 008 | 250411b |||||||| |||| 00| 0 eng d | ||
| 020 | _a9780851119885 | ||
| 050 |
_aBR1640 _b.S74 STO |
||
| 245 |
_aEvangelical Truth: _bA personal plea for Unity, Integrity and Faithfulness/ _cEdited by; John Stott & David Smith |
||
| 260 |
_aLeicester _bInter-Varsity Press _c2003 |
||
| 300 |
_a159p. _c18 cm |
||
| 650 | _2Theology | ||
| 700 | _aStott John (editor) | ||
| 700 | _aSmith David (editor) | ||
| 942 |
_2lcc _cBK _n0 |
||
| 999 |
_c5405 _d5405 |
||